[Event "18th Voronezh Master Open 2014"]
[Site "Voronezh RUS"]
[Date "2014.06.14"]
[Round "3.3"]
[White "Nosenko, Alexander"]
[Black "Fedorov, Alexei"]
[Result "1-0"]
[WhiteTitle "GM"]
[BlackTitle "GM"]
[WhiteElo "2492"]
[BlackElo "2574"]
[WhiteFideId "14100690"]
[BlackFideId "13500465"]
[EventDate "2014.06.12"]

1. d4 Nf6 2. c4 g6 3. Nc3 Bg7 4. e4 d6 5. Nge2 O-O 6. Ng3 e5 7. d5 Ng4 8. f3 Nh6
9. Be2 c5 10. O-O f6 11. Be3 Nf7 12. Qd2 Na6 13. a3 Bd7 14. Rab1 Qe7 15. b4 b6
16. Bd3 Kh8 17. Rfe1 Rfc8 18. Nf1 Qf8 19. Bf2 Nh6 20. Ne3 f5 21. exf5 gxf5 22.
Qc2 Qf6 23. Ned1 Rg8 24. Nb5 Bf8 25. Ndc3 Be7 26. Re2 Rg7 27. Be1 Nf7 28. Kh1 h5
29. Nd1 e4 30. fxe4 Ne5 31. Ne3 fxe4 32. Bxe4 Rf8 33. Rf2 Qg5 34. Rxf8+ Bxf8 35.
Bd2 Rf7 36. Nf5 Qxf5 37. Bxf5 Bxf5 38. Qc1 Nd3 39. Bc3+ Kh7 40. Qg1 h4 41. h3 1-0

[Event "18th Voronezh Master Open 2014"]
[Site "Voronezh RUS"]
[Date "2014.06.14"]
[Round "3.4"]
[White "Predke, Alexandr"]
[Black "Mozharov, Mikhail"]
[Result "1/2-1/2"]
[BlackTitle "GM"]
[WhiteElo "2491"]
[BlackElo "2552"]
[WhiteFideId "24107581"]
[BlackFideId "4189825"]
[EventDate "2014.06.12"]

1. e4 c5 2. Nf3 e6 3. d4 cxd4 4. Nxd4 Nc6 5. Nc3 a6 6. Be2 Qc7 7. O-O Nf6 8. Be3
Be7 9. f4 d6 10. Qe1 O-O 11. Kh1 Nxd4 12. Bxd4 b5 13. a3 Bb7 14. Qg3 Rad8 15.
Rae1 Rfe8 16. Bd3 Rd7 17. Qh3 e5 18. Bf2 Rdd8 19. Qf3 Qd7 20. Bg3 Bf8 21. Bh4
Be7 22. Bg3 Bf8 23. Bh4 Be7 24. Bg3 1/2-1/2

[Event "18th Voronezh Master Open 2014"]
[Site "Voronezh RUS"]
[Date "2014.06.14"]
[Round "3.5"]
[White "Popov, Ivan RUS"]
[Black "Munguntuul, Batkhuyag"]
[Result "1-0"]
[WhiteTitle "GM"]
[BlackTitle "IM"]
[WhiteElo "2650"]
[BlackElo "2411"]
[WhiteFideId "4170350"]
[BlackFideId "4900758"]
[EventDate "2014.06.12"]

1. e4 c5 2. Nf3 e6 3. d4 cxd4 4. Nxd4 Nc6 5. Nc3 d6 6. g4 Be7 7. Be3 a6 8. Rg1
Nf6 9. g5 Nd7 10. h4 Nc5 11. Nxc6 bxc6 12. Bxc5 dxc5 13. Qxd8+ Bxd8 14. O-O-O
Rb8 15. Bc4 h6 16. f4 Ba5 17. gxh6 g6 18. h5 Rb4 19. hxg6 fxg6 20. Be2 Bc7 21.
Rxg6 Bxf4+ 22. Kb1 Be5 23. a3 Rb8 24. Na4 Ke7 25. b3 Bd4 26. e5 Bxe5 27. Nxc5
Bf4 28. Nd3 e5 29. Nxf4 exf4 30. Rxc6 Be6 31. Bc4 Bxc4 32. Rxc4 Rxh6 33. Rxf4
Rbb6 34. Re4+ 1-0

[Event "18th Voronezh Master Open 2014"]
[Site "Voronezh RUS"]
[Date "2014.06.14"]
[Round "3.6"]
[White "Artemiev, Vladislav"]
[Black "Zenzera, Alexey"]
[Result "1-0"]
[WhiteTitle "GM"]
[BlackTitle "IM"]
[WhiteElo "2647"]
[BlackElo "2454"]
[WhiteFideId "24101605"]
[BlackFideId "4102665"]
[EventDate "2014.06.12"]

1. e4 c6 2. Nc3 d5 3. Nf3 Bg4 4. h3 Bxf3 5. Qxf3 dxe4 6. Nxe4 Nd7 7. g3 Ngf6 8.
Bg2 Nxe4 9. Qxe4 e6 10. O-O Nf6 11. Qe2 Bd6 12. d4 O-O 13. Rd1 Re8 14. c4 Qc7
15. Bg5 Nd7 16. Rac1 Qa5 17. Be3 Nf8 18. Qc2 Rac8 19. a3 Be7 20. b4 Qc7 21. Qa4
Red8 22. d5 c5 23. Qxa7 Ra8 24. d6 Rxa7 25. dxc7 Rc8 26. bxc5 Rxc7 27. c6 bxc6
28. Bxa7 Rxa7 29. Ra1 Bf6 30. Ra2 c5 31. a4 Nd7 32. a5 Kf8 33. Rb1 Be5 34. Rb7
Rxb7 35. Bxb7 Bb8 36. Bc8 1-0

[Event "18th Voronezh Master Open 2014"]
[Site "Voronezh RUS"]
[Date "2014.06.14"]
[Round "3.7"]
[White "Alekseenko, Kirill"]
[Black "Kokarev, Dmitry"]
[Result "0-1"]
[WhiteTitle "FM"]
[BlackTitle "GM"]
[WhiteElo "2464"]
[BlackElo "2628"]
[WhiteFideId "4135539"]
[BlackFideId "4132181"]
[EventDate "2014.06.12"]

1. e4 c5 2. Nf3 d6 3. d4 cxd4 4. Nxd4 Nf6 5. Nc3 a6 6. a4 e5 7. Nf3 Be7 8. Bg5
Be6 9. Bxf6 Bxf6 10. Nd5 Nd7 11. a5 Rc8 12. b4 O-O 13. c4 g6 14. h4 Bg7 15. Be2
Nf6 16. Nd2 Bh6 17. Nb6 Rc6 18. Bd3 Rxb6 19. axb6 Qxb6 20. Rb1 Qd4 21. Qe2 Rc8
22. O-O Bxd2 23. Qxd2 Nxe4 24. Qc2 Nf6 25. g3 b5 26. Rfd1 bxc4 27. Bxg6 Qg4 28.
Bxf7+ Kxf7 29. Rxd6 Bf5 30. Qd1 Qxd1+ 31. Rbxd1 c3 32. Rc1 c2 33. f3 h5 34. Rxa6
Rc3 0-1

[Event "18th Voronezh Master Open 2014"]
[Site "Voronezh RUS"]
[Date "2014.06.14"]
[Round "3.8"]
[White "Paravyan, David"]
[Black "Rakhmanov, Aleksandr"]
[Result "0-1"]
[WhiteTitle "IM"]
[BlackTitle "GM"]
[WhiteElo "2433"]
[BlackElo "2614"]
[WhiteFideId "4194985"]
[BlackFideId "4173708"]
[EventDate "2014.06.12"]

1. d4 e6 2. c4 Bb4+ 3. Nd2 Nf6 4. Nf3 O-O 5. a3 Be7 6. e3 d6 7. Bd3 Nbd7 8. e4
e5 9. d5 c6 10. b4 a5 11. Bb2 cxd5 12. cxd5 Nb6 13. O-O Bd7 14. b5 Bg4 15. h3
Bh5 16. a4 Nfd7 17. Nb3 f5 18. exf5 Bf7 19. Bc3 Nxd5 20. Bd2 N5f6 21. Ng5 d5 22.
Be3 Qc7 23. g4 Nc5 24. Bxc5 Bxc5 25. Rc1 b6 26. Nxf7 Rxf7 27. g5 Ne8 28. Bb1 Rd8
29. Qg4 Qd6 30. Rcd1 Nc7 31. Qh5 g6 32. fxg6 hxg6 33. Bxg6 Rg7 34. Bf5 Qf6 35.
Bh7+ Kf8 36. h4 Ne6 37. Kh1 Rxh7 38. Qxh7 Qf3+ 39. Kh2 Qf4+ 40. Kh1 Qf3+ 41. Kh2
Nf4 42. Qh8+ Kf7 43. Qh7+ Ke8 44. Qh8+ Bf8 45. Qxe5+ Kf7 46. g6+ Kg8 47. Qg5
Qh3+ 0-1

[Event "18th Voronezh Master Open 2014"]
[Site "Voronezh RUS"]
[Date "2014.06.14"]
[Round "3.9"]
[White "Timofeev, Artyom"]
[Black "Simonian, Tigran"]
[Result "1-0"]
[WhiteTitle "GM"]
[BlackTitle "IM"]
[WhiteElo "2603"]
[BlackElo "2422"]
[WhiteFideId "4140419"]
[BlackFideId "13303597"]
[EventDate "2014.06.12"]

1. d4 d5 2. c4 c6 3. Nf3 Nf6 4. Nc3 e6 5. Bg5 Nbd7 6. e3 Qa5 7. cxd5 Nxd5 8. Rc1
Bb4 9. a3 Bxc3+ 10. bxc3 h6 11. Bh4 b6 12. Nd2 Ba6 13. c4 N5f6 14. Be2 c5 15.
O-O cxd4 16. exd4 O-O 17. Bf3 Rac8 18. Re1 Rfe8 19. Bg3 b5 20. c5 b4 21. axb4
Qxb4 22. Ra1 Bd3 23. Ra4 Qb2 24. Qc1 Qb5 25. Qa3 Bf5 26. Nc4 e5 27. dxe5 Nxc5
28. Rb4 Qa6 29. Qxa6 Nxa6 30. Ra4 Nc5 31. Rxa7 Nd3 32. Rd1 Rxc4 33. exf6 Nb2 34.
Rf1 Be4 35. Re7 Kf8 36. Re1 Rec8 37. Bxe4 gxf6 38. Bd5 Rd8 1-0

[Event "18th Voronezh Master Open 2014"]
[Site "Voronezh RUS"]
[Date "2014.06.14"]
[Round "3.10"]
[White "Grigoriants, Sergey"]
[Black "Peskov, Alexsey"]
[Result "1/2-1/2"]
[WhiteTitle "GM"]
[BlackTitle "IM"]
[WhiteElo "2595"]
[BlackElo "2417"]
[WhiteFideId "4130804"]
[BlackFideId "14114046"]
[EventDate "2014.06.12"]

1. Nf3 d5 2. d4 Nf6 3. c4 e6 4. g3 dxc4 5. Bg2 c5 6. Qa4+ Bd7 7. Qxc4 Bc6 8.
dxc5 Nbd7 9. Be3 Bd5 10. Qa4 Bc6 11. Qc4 Bd5 12. Qa4 Bc6 13. Qc4 Bd5 1/2-1/2

[Event "18th Voronezh Master Open 2014"]
[Site "Voronezh RUS"]
[Date "2014.06.15"]
[Round "4.1"]
[White "Tukhaev, Adam"]
[Black "Nosenko, Alexander"]
[Result "0-1"]
[WhiteTitle "GM"]
[BlackTitle "GM"]
[WhiteElo "2547"]
[BlackElo "2492"]
[WhiteFideId "14109476"]
[BlackFideId "14100690"]
[EventDate "2014.06.12"]

1. e4 Nf6 2. e5 Nd5 3. d4 d6 4. c4 Nb6 5. f4 dxe5 6. fxe5 Nc6 7. c5 Nd5 8. Bc4
Bf5 9. Ne2 e6 10. O-O Be7 11. Nbc3 Nxc3 12. bxc3 O-O 13. Nf4 Qd7 14. Qe2 Rad8
15. Kh1 h6 16. Nh5 Nxd4 17. cxd4 Qxd4 18. Bf4 Qxc5 19. Rac1 Qd4 20. Ng3 Bg6 21.
Qf3 c6 22. Qb3 b6 23. h3 Bg5 24. Ne2 Qe4 25. Nc3 Qd4 26. Ne2 Qe4 27. Ba6 Bxf4
28. Nxf4 Bf5 29. Rce1 Qd4 30. Qf3 c5 31. g4 Bh7 32. Bb7 c4 33. Be4 Bxe4 34. Rxe4
Qc5 35. Re2 Rd7 36. Rg1 Rfd8 37. g5 Rd1 38. Rg2 Rxg1+ 39. Rxg1 Qxe5 40. gxh6 g6
41. Nxg6 fxg6 42. Rxg6+ Kh8 43. Rg2 Qf5 44. Qg3 Qf6 45. h7 Kxh7 46. Rf2 Qd4 47.
Rg2 Qf6 48. Rf2 Rd1+ 49. Kh2 Qd4 50. Qc7+ Kh6 51. Qg3 c3 52. Re2 Rd2 0-1

[Event "18th Voronezh Master Open 2014"]
[Site "Voronezh RUS"]
[Date "2014.06.15"]
[Round "4.2"]
[White "Mozharov, Mikhail"]
[Black "Popov, Ivan RUS"]
[Result "1/2-1/2"]
[WhiteTitle "GM"]
[BlackTitle "GM"]
[WhiteElo "2552"]
[BlackElo "2650"]
[WhiteFideId "4189825"]
[BlackFideId "4170350"]
[EventDate "2014.06.12"]

1. e4 c5 2. Nf3 Nc6 3. d4 cxd4 4. Nxd4 e5 5. Nb5 d6 6. N1c3 a6 7. Na3 b5 8. Nd5
Nge7 9. Bg5 h6 10. Bxb5 axb5 11. Nxb5 f6 12. Nxf6+ gxf6 13. Nxd6+ Qxd6 14. Qxd6
hxg5 15. Qxf6 Rh6 16. Qxg5 Rg6 17. Qd2 Rxg2 18. c3 Bg4 19. Qg5 O-O-O 20. Kf1 Bh3
21. Qh5 Rd3 22. f3 Rdd2 23. Qxh3+ Nf5 24. Qxf5+ Kc7 25. Qf7+ Be7 26. Qc4 Rgf2+
27. Ke1 Bh4 28. Qf7+ Kb6 29. Qb3+ Kc7 30. Qf7+ Ne7 31. Qh7 Rde2+ 32. Kd1 Rd2+
33. Kc1 Rc2+ 34. Kb1 Rxb2+ 35. Kc1 Rbc2+ 36. Kb1 Rb2+ 37. Kc1 Rfc2+ 38. Kd1 Rd2+
39. Kc1 Bg5 40. f4 Rbc2+ 1/2-1/2

[Event "18th Voronezh Master Open 2014"]
[Site "Voronezh RUS"]
[Date "2014.06.15"]
[Round "4.3"]
[White "Artemiev, Vladislav"]
[Black "Rozum, Ivan"]
[Result "1-0"]
[WhiteTitle "GM"]
[BlackTitle "IM"]
[WhiteElo "2647"]
[BlackElo "2544"]
[WhiteFideId "24101605"]
[BlackFideId "24104272"]
[EventDate "2014.06.12"]

1. e4 d5 2. Nc3 Bg4 3. Nf3 Bxf3 4. h3 e6 5. Qxf3 dxe4 6. d4 Nf6 7. Qxe4 Nbd7 8.
Qd3 Be7 9. Bd2 O-O 10. O-O-O Nd5 11. g4 c6 12. h4 Qa5 13. Kb1 Nxc3+ 14. Bxc3 Bb4
15. Bxb4 Qxb4 16. g5 Rfd8 17. c3 Qd6 18. Qe3 Nb6 19. Bd3 Nd5 20. Qe4 g6 21. h5
Kf8 22. Rh4 Ne7 23. hxg6 hxg6 24. Qf3 Nf5 25. Bxf5 exf5 26. Re1 Kg7 27. Qh3 Rh8
28. Rh1 Rh5 29. Rxh5 gxh5 30. Qxh5 Qg6 31. Qxg6+ fxg6 32. Kc2 Rd8 33. Kd3 Rd5
34. Re1 Kf7 35. c4 Rd8 36. Rh1 Kg7 37. Rh3 Kg8 38. Rh1 Kg7 39. b4 Kg8 40. a4 Kg7
41. d5 cxd5 42. c5 Re8 43. b5 Re4 44. Rc1 Kf7 45. c6 bxc6 46. bxc6 Re8 1-0

[Event "18th Voronezh Master Open 2014"]
[Site "Voronezh RUS"]
[Date "2014.06.15"]
[Round "4.4"]
[White "Kokarev, Dmitry"]
[Black "Prizant, Jaroslav"]
[Result "1-0"]
[WhiteTitle "GM"]
[BlackTitle "IM"]
[WhiteElo "2628"]
[BlackElo "2516"]
[WhiteFideId "4132181"]
[BlackFideId "4140664"]
[EventDate "2014.06.12"]

1. e4 e6 2. d4 d5 3. Nc3 Bb4 4. e5 Ne7 5. a3 Bxc3+ 6. bxc3 c5 7. Qg4 cxd4 8.
Qxg7 Rg8 9. Qxh7 Qc7 10. Ne2 Nbc6 11. f4 dxc3 12. Qd3 d4 13. Nxd4 Nxd4 14. Qxd4
Bd7 15. Rg1 Nf5 16. Qf2 Qc6 17. Bd3 Qd5 18. Be3 Nxe3 19. Qxe3 Rxg2 20. Rxg2 Qxg2
21. Be4 Qxh2 22. O-O-O Bc6 23. Kb1 Rd8 24. Bxc6+ bxc6 25. Rg1 Kd7 26. Qxa7+ Kc8
27. Qb6 1-0

[Event "18th Voronezh Master Open 2014"]
[Site "Voronezh RUS"]
[Date "2014.06.15"]
[Round "4.5"]
[White "Rakhmanov, Aleksandr"]
[Black "Chigaev, Maksim"]
[Result "1/2-1/2"]
[WhiteTitle "GM"]
[BlackTitle "IM"]
[WhiteElo "2614"]
[BlackElo "2496"]
[WhiteFideId "4173708"]
[BlackFideId "4108116"]
[EventDate "2014.06.12"]

1. d4 Nf6 2. Nf3 g6 3. Bg5 Bg7 4. c3 O-O 5. Nbd2 d6 6. e4 c5 7. dxc5 dxc5 8. Bc4
Nc6 9. Qe2 Qc7 10. O-O h6 11. Bh4 Nh5 12. Qe3 g5 13. Bg3 Nxg3 14. hxg3 b6 15.
Nh2 g4 16. Rfd1 Rb8 17. Ndf1 Ne5 18. Qf4 Qc6 19. Ne3 Nxc4 20. Nxc4 Bb7 21. Ne5
Bxe5 22. Qxe5 Qxe4 23. Qxe4 Bxe4 24. Nxg4 Kg7 25. Ne3 Rfd8 26. f3 Bg6 27. Kf2 h5
28. Ke2 e6 29. Rxd8 Rxd8 30. Rh1 Bd3+ 31. Ke1 Bg6 32. Rh4 f6 33. g4 hxg4 34.
Nxg4 e5 35. Ne3 f5 36. g3 Kf6 37. f4 exf4 38. gxf4 Re8 39. Kf2 Rd8 40. Ke2 Re8
41. a3 Bf7 42. Kf3 Rd8 43. Rh6+ Bg6 44. Nc4 Kg7 45. Rh2 Bf7 46. Ne5 Bd5+ 47. Ke2
Be4 48. Rh5 Rd6 49. Rh3 Kg8 50. b4 Kg7 51. Rh8 cxb4 52. cxb4 a5 53. Rb8 Rh6 54.
b5 a4 55. Ke3 Rh3+ 56. Kd4 Rxa3 57. Rxb6 Ra1 58. Rg6+ Kh7 59. Ra6 a3 60. Nc4 a2
61. Nd2 Rb1 62. Rxa2 Rxb5 63. Nxe4 Rb4+ 64. Ke5 fxe4 65. Ra7+ Kg8 66. Kf5 Kf8
67. Ra5 e3 68. Re5 Kf7 69. Rxe3 Rb5+ 70. Kg4 Kf6 71. Ra3 Rc5 72. Ra6+ Kf7 73.
Kf3 Rc4 74. Ra5 Kf6 75. Kg4 Kf7 76. Kg5 Rc6 77. Ra7+ Kf8 78. Rd7 Ra6 79. Kf5 Rb6
80. Ke5 Rb4 81. Rd6 Kf7 82. Rf6+ Ke7 83. Rh6 Rb5+ 84. Ke4 Kf7 85. Rd6 Ke7 86.
Ra6 Kf7 87. Kf3 Rc5 88. Kg4 Rb5 89. f5 Rb1 90. Kg5 1/2-1/2

[Event "18th Voronezh Master Open 2014"]
[Site "Voronezh RUS"]
[Date "2014.06.15"]
[Round "4.6"]
[White "Zontakh, Andrey"]
[Black "Timofeev, Artyom"]
[Result "1/2-1/2"]
[WhiteTitle "GM"]
[BlackTitle "GM"]
[WhiteElo "2533"]
[BlackElo "2603"]
[WhiteFideId "14101130"]
[BlackFideId "4140419"]
[EventDate "2014.06.12"]

1. d4 Nf6 2. c4 g6 3. Nc3 d5 4. Nf3 Bg7 5. Bg5 Ne4 6. Bf4 Nxc3 7. bxc3 c5 8.
cxd5 Qxd5 9. e3 cxd4 10. cxd4 Nc6 11. Be2 Bf5 12. O-O O-O 13. Qa4 Qa5 14. Qxa5
Nxa5 15. Rfc1 Rac8 16. Nd2 Rxc1+ 17. Rxc1 Rc8 18. Rxc8+ Bxc8 19. Bc7 Nc6 20. Bf3
Bd7 21. Ne4 b6 22. Nc3 f5 23. a4 g5 24. Nb5 Kf7 25. d5 Nb4 26. Nxa7 Bxa4 27.
Bxb6 g4 28. Be2 Nxd5 29. Bc5 Nc3 30. Bc4+ e6 31. Nc8 Bd7 32. Nd6+ Kg6 33. f3 h5
34. Kf2 Be5 35. h3 g3+ 36. Ke1 h4 37. Bb3 Na4 38. Bb4 Kf6 39. Nc4 Ba1 40. Ba5
Ke7 41. Bb4+ Kf6 42. Ba5 Bc3+ 43. Bxc3+ Nxc3 44. Na5 e5 45. f4 exf4 46. exf4 Bb5
47. Bc4 Bxc4 48. Nxc4 Nd5 49. Nd2 Ne3 50. Ke2 Nxg2 51. Kf3 Ne1+ 52. Ke2 g2 53.
Kf2 Ke6 54. Nc4 Nd3+ 55. Kxg2 Nxf4+ 56. Kh2 Kd5 57. Nd2 Ng6 58. Kg2 Ne5 59. Kf2
Kd4 60. Nb3+ Ke4 61. Nc5+ Kd5 62. Nb3 f4 63. Nd2 Kd4 64. Nb3+ Ke4 65. Nc5+ Kf5
66. Nb3 Nd3+ 67. Kf3 Ne1+ 68. Kf2 Nc2 69. Kf3 Ke5 70. Kg4 Ke4 71. Nd2+ Ke3 72.
Nc4+ Ke4 73. Nd2+ Ke3 74. Nc4+ Ke4 1/2-1/2

[Event "18th Voronezh Master Open 2014"]
[Site "Voronezh RUS"]
[Date "2014.06.15"]
[Round "4.7"]
[White "Ponkratov, Pavel"]
[Black "Gavrilov, Alexei1"]
[Result "1-0"]
[WhiteTitle "GM"]
[BlackTitle "GM"]
[WhiteElo "2595"]
[BlackElo "2491"]
[WhiteFideId "4157800"]
[BlackFideId "4104358"]
[EventDate "2014.06.12"]

1. e4 e5 2. Nf3 Nc6 3. d4 exd4 4. Nxd4 Bc5 5. Nb3 Bb6 6. Nc3 Nge7 7. a4 a6 8.
Bg5 f6 9. Bh4 O-O 10. g4 d6 11. Be2 Qe8 12. Qd2 Ne5 13. h3 Qf7 14. O-O-O Be6 15.
Nd4 Bxd4 16. Qxd4 b5 17. f4 N5c6 18. Qe3 Bc4 19. Rhg1 bxa4 20. f5 g5 21. fxg6
Nxg6 22. Be1 Nb4 23. g5 Rab8 24. gxf6 Bxe2 25. Qxe2 Qxf6 26. Nxa4 a5 27. c3 Na2+
28. Kb1 Qe6 29. Rd4 c5 30. Qc4 Qxc4 31. Rxc4 Kf7 32. Bg3 Ke6 33. Kxa2 Rf3 34.
Nxc5+ 1-0

[Event "18th Voronezh Master Open 2014"]
[Site "Voronezh RUS"]
[Date "2014.06.15"]
[Round "4.8"]
[White "Leon Hoyos, Manuel"]
[Black "Danin, Alexandre"]
[Result "1-0"]
[WhiteTitle "GM"]
[BlackTitle "GM"]
[WhiteElo "2515"]
[BlackElo "2594"]
[WhiteFideId "5105269"]
[BlackFideId "4144031"]
[EventDate "2014.06.12"]

1. Nf3 d5 2. g3 g6 3. Bg2 Bg7 4. O-O Nf6 5. d4 O-O 6. c4 c6 7. Qb3 Qb6 8. Nc3
Rd8 9. Rd1 Bf5 10. Ne1 dxc4 11. Qxc4 Na6 12. e4 Bg4 13. Bf3 e5 14. Be3 exd4 15.
Bxd4 Be6 16. Nd5 Rxd5 17. exd5 cxd5 18. Bxb6 dxc4 19. Bd4 Nc7 20. Bxb7 Rb8 21.
Bf3 Nfd5 22. Bxg7 Kxg7 23. Rd2 Nb4 24. h4 a5 25. Be2 Nb5 26. a3 Nc6 27. Nf3 c3
28. bxc3 Nxc3 29. Bf1 Rb3 30. Ng5 Bf5 31. Nxf7 a4 32. Rd6 Ne7 33. Ng5 Nb1 34.
Ra6 h6 35. Ne6+ Bxe6 36. Rxe6 Nf5 37. Bc4 Rb2 38. Bd3 Nc3 39. h5 1-0

[Event "18th Voronezh Master Open 2014"]
[Site "Voronezh RUS"]
[Date "2014.06.16"]
[Round "5.1"]
[White "Nosenko, Alexander"]
[Black "Artemiev, Vladislav"]
[Result "0-1"]
[WhiteTitle "GM"]
[BlackTitle "GM"]
[WhiteElo "2492"]
[BlackElo "2647"]
[WhiteFideId "14100690"]
[BlackFideId "24101605"]
[EventDate "2014.06.12"]

1. d4 d5 2. c4 Nc6 3. Nc3 dxc4 4. d5 Ne5 5. Bf4 Ng6 6. Bg3 e5 7. e4 Bd6 8. Nf3
Nf6 9. Bxc4 O-O 10. O-O a6 11. a4 Bd7 12. Rc1 Re8 13. Qb3 Rb8 14. Rfe1 Nh5 15.
Nd1 Nhf4 16. Ne3 Qf6 17. Bf1 b5 18. axb5 axb5 19. Ra1 Bc5 20. Rec1 Bb6 21. Nc2
c5 22. dxc6 Bxc6 23. Re1 Red8 24. Nb4 Bd7 25. Nd5 Nxd5 26. exd5 Bg4 27. Be2 h5
28. h4 Nf4 29. Bd1 Bc7 30. Rc1 Bd6 31. Rc6 Bxf3 32. Bxf3 g6 33. Qe3 b4 34. b3
Ra8 35. Qe4 Kg7 36. Be2 Ra2 37. Bc4 Rd2 38. Ra6 Rd4 39. Qc2 g5 40. hxg5 Qxg5 41.
Kf1 h4 42. Bxf4 Rxf4 43. Re4 h3 44. gxh3 Qf5 45. Bd3 Qxh3+ 46. Ke1 Rc8 47. Rc6
Qh1+ 48. Ke2 Qf3+ 49. Ke1 Ra8 50. Qe2 Ra1+ 51. Kd2 Ra2+ 52. Rc2 Rxc2+ 53. Kxc2
Qxf2 54. Rxf4 Qxf4 55. Qg2+ Kf6 56. Kb1 Ke7 57. Bc2 Bc5 58. Qe2 Qd4 59. Qf3 Qg1+
60. Ka2 Qf2 61. Qd3 Kd6 62. Kb1 Qg1+ 63. Ka2 Qd4 64. Qa6+ Kxd5 65. Qc8 Qf2 66.
Kb1 Qf4 67. Qb7+ Kd6 68. Qb8+ Kd5 69. Qb7+ Kd4 70. Qb5 Bf8 71. Qb6+ Kc3 72. Qc7+
Kd2 73. Qd8+ Qd4 74. Qg5+ Qe3 75. Qg2+ Kc3 76. Bd1 Kd4 77. Bc2 Qe1+ 78. Ka2 e4
79. Qg4 Qe3 80. Qf5 Qf3 81. Qc8 Bc5 82. Qa6 Ke5 83. Qc4 Bd6 84. Qb5+ Kd4 85.
Qb6+ Bc5 86. Qb5 Qf5 87. Qc4+ Ke3 88. Bxe4 Qxe4 89. Qxc5+ Kd3 90. Qb5+ Kd2 91.
Qd7+ Kc1 0-1

[Event "18th Voronezh Master Open 2014"]
[Site "Voronezh RUS"]
[Date "2014.06.16"]
[Round "5.2"]
[White "Ponkratov, Pavel"]
[Black "Kokarev, Dmitry"]
[Result "1-0"]
[WhiteTitle "GM"]
[BlackTitle "GM"]
[WhiteElo "2595"]
[BlackElo "2628"]
[WhiteFideId "4157800"]
[BlackFideId "4132181"]
[EventDate "2014.06.12"]

1. e4 c5 2. Nf3 d6 3. d4 cxd4 4. Nxd4 Nf6 5. Nc3 a6 6. Be3 e5 7. Nf3 Be7 8. Bc4
O-O 9. O-O Qc7 10. Bb3 Be6 11. Rc1 Rc8 12. Ra1 Rf8 13. Rc1 Rc8 14. Nh4 g6 15.
Qf3 Bc4 16. Rfd1 Nbd7 17. Bh6 Kh8 18. Qg3 Nh5 19. Qh3 Ndf6 20. Nf3 Bxb3 21. axb3
Re8 22. Nd2 b5 23. Qf3 Qb7 24. Nf1 b4 25. Nd5 Nxd5 26. Rxd5 Kg8 27. Nd2 Nf6 28.
Rd3 d5 29. exd5 e4 30. Nxe4 Nxe4 31. Qxe4 Bg5 32. Qxe8+ Rxe8 33. Bxg5 Re5 34.
Bf6 Rxd5 35. Rcd1 Qc6 36. Rxd5 Qxf6 37. R5d4 Qf5 38. R1d2 Qe5 39. g3 Qe1+ 40.
Kg2 a5 41. R2d3 Kg7 42. c3 Qe2 43. h4 h6 44. cxb4 axb4 45. Rf3 Qb5 46. Rdf4 1-0

[Event "18th Voronezh Master Open 2014"]
[Site "Voronezh RUS"]
[Date "2014.06.16"]
[Round "5.3"]
[White "Rakhmanov, Aleksandr"]
[Black "Leon Hoyos, Manuel"]
[Result "1/2-1/2"]
[WhiteTitle "GM"]
[BlackTitle "GM"]
[WhiteElo "2614"]
[BlackElo "2515"]
[WhiteFideId "4173708"]
[BlackFideId "5105269"]
[EventDate "2014.06.12"]

1. d4 d5 2. c4 dxc4 3. e3 Nf6 4. Bxc4 a6 5. Nf3 b5 6. Bd3 Bb7 7. a3 Nbd7 8. b4
e6 9. O-O Be7 10. Qe2 Be4 11. Bxe4 Nxe4 12. Qd3 Nd6 13. Nbd2 O-O 14. Bb2 a5 15.
Bc3 axb4 16. Bxb4 c6 17. Rac1 Ra6 18. Rc2 Qa8 19. Rfc1 h6 20. h3 Rd8 21. Qe2 Bf8
22. e4 Rc8 23. Qe3 Ra4 24. Qe1 Rc7 25. Kh1 Ra6 26. Qe3 Ra4 27. Qe1 Ra6 28. Qe3
Ra4 29. Qe1 Ra6 30. Qe3 1/2-1/2

[Event "18th Voronezh Master Open 2014"]
[Site "Voronezh RUS"]
[Date "2014.06.16"]
[Round "5.4"]
[White "Popov, Ivan RUS"]
[Black "Tukhaev, Adam"]
[Result "1/2-1/2"]
[WhiteTitle "GM"]
[BlackTitle "GM"]
[WhiteElo "2650"]
[BlackElo "2547"]
[WhiteFideId "4170350"]
[BlackFideId "14109476"]
[EventDate "2014.06.12"]

1. e4 e5 2. Nf3 Nc6 3. Bb5 a6 4. Ba4 d6 5. c3 Bd7 6. d4 Nf6 7. O-O g6 8. d5 Ne7
9. Bxd7+ Qxd7 10. Re1 Bg7 11. c4 O-O 12. Nc3 h6 13. c5 Nh5 14. Be3 f5 15. exf5
Nxf5 16. Ne4 Nf6 17. Nxf6+ Rxf6 18. Nd2 Nxe3 19. Rxe3 dxc5 20. Ne4 Rf4 21. Nxc5
Qf7 22. Ne4 Rd8 23. Qb3 b6 24. Rd1 Kh7 25. f3 Bf8 26. Rc3 Rd7 27. Rc6 Bc5+ 28.
Nxc5 bxc5 29. Rxc5 Rd4 30. Rdc1 R4xd5 31. Rxd5 Rxd5 32. Rc5 c6 33. Rxc6 Qd7 34.
Rc1 h5 35. h3 Rd2 36. Qc4 Qd4+ 37. Kh2 Qxc4 38. Rxc4 Rxb2 39. Ra4 Rb6 40. Ra5
Re6 41. Kg3 Kg7 42. Kf2 Kf6 43. Ke3 Rd6 44. h4 Ke6 45. Rc5 Rd4 46. Rc6+ Kf5 47.
Rxa6 1/2-1/2

[Event "18th Voronezh Master Open 2014"]
[Site "Voronezh RUS"]
[Date "2014.06.16"]
[Round "5.5"]
[White "Timofeev, Artyom"]
[Black "Pavlov, Sergey2"]
[Result "1/2-1/2"]
[WhiteTitle "GM"]
[BlackTitle "IM"]
[WhiteElo "2603"]
[BlackElo "2470"]
[WhiteFideId "4140419"]
[BlackFideId "14114330"]
[EventDate "2014.06.12"]

1. d4 Nf6 2. c4 e6 3. Nc3 Bb4 4. e3 d5 5. Nf3 c5 6. Bd3 O-O 7. O-O dxc4 8. Bxc4
Nbd7 9. Qe2 a6 10. a4 b6 11. Rd1 Bb7 12. d5 exd5 13. Nxd5 Nxd5 14. Bxd5 Bxd5 15.
Rxd5 Qe7 16. e4 Rfe8 17. e5 Nf6 18. Rd1 Ng4 19. Bf4 f6 20. Rd5 fxe5 21. Nxe5 Qf7
22. Qf3 Nxe5 23. Bxe5 Qxf3 24. gxf3 Rad8 25. Rad1 Rxd5 26. Rxd5 Kf7 27. f4 g6
28. Kg2 Re7 29. Kf3 c4 30. Ke4 Bc5 31. f3 Ke6 32. a5 Rd7 33. Rxd7 Kxd7 34. Kd5
Bg1 35. axb6 Bxb6 36. Kxc4 Ke6 37. Bd4 Bc7 38. Kc5 Bxf4 39. h3 h5 40. Kb6 Kd5
41. Bf6 Kc4 42. Kxa6 Bc1 43. Kb7 Kb3 44. Kc6 Bxb2 45. Bxb2 Kxb2 46. Kd5 Kc3 47.
Ke5 Kd3 48. Kf6 Ke3 49. Kxg6 h4 50. Kg5 Kxf3 51. Kxh4 Kf4 52. Kh5 Kf5 53. h4 Kf6
54. Kh6 Ke5 1/2-1/2